00573nam a2200169Ia 450000500170000000800410001702000180005804000110007608200150008710000210010224500260012326000510014930000220020094200070022295201570022999900170038620241022141957.0231207s9999 xx 000 0 und d a9780520214699 cNCA-PK a709.2bTSU aTsujimoto, Karen 4aThe art of Joan Brown bUniversity of California PressaBerkeleyc1998 axxxv, 272p.; ills cBK 0010406709_200000000000000_TSU_3198470927525aNCAbNCAcGeneral Section d2023-12-08l0o709.2 TSU 31984p31984r2023-12-08 00:00:00w2023-12-08yBK c27525d27525